Statistics for Orlando Magic 40 Point Games

Click here to take the quiz!

General Stats

  • This quiz has been taken 88 times
    (14 since last reset)
  • The average score is 7 of 14

Answer Stats

PlayerMaxNb% Correct
Shaquille O'Neal5321
100%
Penny Hardaway421
93%
Dwight Howard454
86%
Tracy McGrady6230
86%
Nikola Vučević433
79%
Paolo Banchero432
79%
Nick Anderson503
57%
Aaron Gordon412
36%
Dennis Scott412
29%
Scott Skiles411
21%
Victor Oladipo451
21%
Vince Carter481
21%
Arron Afflalo431
7%
Terry Catledge491
7%

Score Distribution

Percentile by Number Answered

Percent of People with Each Score

Your Score History

You have not taken this quiz since the last reset